000 00898nam a2200169 i 4500
001 185252
003 ES-MaACL
005 20230906222400.0
008 160426s1880 sp |||| | spa d
110 1 _aEspaña.
_bDirección General de Beneficencia y Sanidad.
_93711
245 1 0 _aMemoria acerca del resultado que ofrece la estadística de los manicomios:
_bcenso de población acogida en ellos durante el año económico de 1879-80, y su comparacion con la publicada en la Gaceta de 7 de octubre de 1848.
260 _aMadrid :
_b[s.n.],
_c1880 (
_fImprenta y Fundición de Manuel Tello)
300 _a16, [52] p., [8] h. pleg. ;
_c23 cm.
594 _aPrecede al tít.: Ministerio de Gobernación, Dirección General de Beneficencia y Sanidad.
650 _aHospitales-
_zEspaña-
_vEstadísticas.
_9149299
852 _aES-MaACL
_jT-433-F-10
_z.- Enc. en un vol. facticio falto de la cub. original
999 _c185252
_d185252